Top 50 reprezentacji- ranking FIFA - Statystyki

Ogólne statystyki
  • Ten quiz został rozwiązany 92 razy
  • Średni wynik to 16 z 50
Statystyki odpowiedzi
Miejsce Reprezentacja Kontynent % Poprawnych
1. Brazylia Ameryka Południowa
100%
3. Argentyna Ameryka Południowa
84%
4. Francja Europa
82%
2. Belgia Europa
78%
5. Anglia Europa
70%
6. Hiszpania Europa
68%
13. Urugwaj Ameryka Południowa
61%
12. Meksyk Ameryka Północna
60%
14. Stany Zjednoczone Ameryka Północna
58%
7. Włochy Europa
58%
8. Holandia Europa
56%
9. Portugalia Europa
56%
10. Dania Europa
51%
17. Kolumbia Ameryka Południowa
51%
18. Senegal Afryka
48%
11. Niemcy Europa
47%
15. Chorwacja Europa
40%
21. Peru Ameryka Południowa
38%
16. Szwajcaria Europa
35%
26. Polska Europa
34%
29. Chile Ameryka Południowa
31%
24. Japonia Azja
30%
22. Maroko Afryka
27%
19. Walia Europa
27%
23. Iran Azja
25%
28. Korea Południowa Azja
25%
20. Szwecja Europa
23%
35. Rosja Europa/Azja
22%
39. Australia Oceania
21%
25. Serbia Europa
19%
44. Ekwador Ameryka Południowa
17%
50. Paragwaj Ameryka Południowa
17%
27. Ukraina Europa
17%
42. Turcja Europa/Azja
16%
43. Kanada Ameryka Północna
13%
31. Nigeria Afryka
13%
34. Kostaryka Ameryka Północna
12%
30. Tunezja Afryka
10%
40. Egipt Afryka
9%
32. Czechy Europa
8%
49. Katar Azja
6%
36. Norwegia Europa
6%
33. Austria Europa
5%
41. Algieria Afryka
4%
38. Kamerun Afryka
4%
45. Szkocja Europa
4%
47. Irlandia Europa
3%
37. Węgry Europa
3%
48. Grecja Europa
1%
46. Mali Afryka
1%
Nie znaleziono quizów pasujących do podanych kryteriów
Rozkład punktacji
Procent ludzi z każdym wynikiem
Percentyl według liczby udzielonych odpowiedzi
Twoja historia wyników
Nie rozwiązałeś tego quizu